Chief Ministers of the ACT - Statistics

General Stats
  • This quiz has been taken 11 times
  • The average score is 5 of 8
Answer Stats
Years Party Answer % Correct
2014- Labor Andrew Barr
83%
2000-2001 Liberal Gary Humphries
67%
2001-2011 Labor Jon Stanhope
67%
2011-2014 Labor Katy Gallagher
67%
1989-1989 Labor Rosemary Follett
67%
1991-1995 Labor Rosemary Follett
67%
1995-2000 Liberal Kate Carnell
50%
1989-1991 Liberal Trevor Kaine
17%
No matching quizzes found
Score Distribution
Percent of People with Each Score
Percentile by Number Answered
Your Score History
You have not taken this quiz